| 000 | 00527nam a22001575i 4500 | ||
|---|---|---|---|
| 001 | 159233 | ||
| 003 | ES-MaACL | ||
| 005 | 20230906211514.0 | ||
| 008 | 990510s1870 sp |||| | spa d | ||
| 040 |
_aCAM _bspa _cCAM |
||
| 100 | 1 |
_aMayo, Francisco de Sales. _979392 |
|
| 245 | 1 | 3 |
_aLa chula _b: historias de muchos / _cpor Francisco de Sales Mayo, autor de La Condesita. |
| 260 |
_aMadrid : _b[s.n.], _c1870 ( _fOficina Tipográfica del Hospicio) |
||
| 300 |
_a224 p. ; _c20 cm. |
||
| 852 |
_aES-MaACL _jD-3685 _z-- Enc. hol. |
||
| 999 |
_c159233 _d159233 |
||